Normal view
MARC view
Entry Topical Term
001 - CONTROL NUMBER
- control field: 61088
003 - CONTROL NUMBER IDENTIFIER
- control field: OSt
005 - DATE AND TIME OF LATEST TRANSACTION
- control field: 20260608121633.0
008 - FIXED-LENGTH DATA ELEMENTS
- fixed length control field: 260608|| aca||aabn | a|a d
040 ## - CATALOGING SOURCE
- Original cataloging agency: OSt
- Transcribing agency: OSt
150 ## - HEADING--TOPICAL TERM
- Topical term or geographic name entry element: Quick commerce, Startup strategy, Exit strategy, IPO decagons, Venture capital, Mergers and acquisitions, Market leadership, Strategic finance.
670 ## - SOURCE DATA FOUND
- Source citation: Work cat.: (OSt): Kumar, Rahul Zepto: 61087, Can speed alone build market leaderships?
